Central Library OPAC University of Rajshahi

Regional development banking / (Record no. 43518)

MARC details
000 -LEADER
fixed length control field 00630nam a2200217 a 4500
001 - CONTROL NUMBER
control field 43518
003 - CONTROL NUMBER IDENTIFIER
rucl marc code BD-RjUL
005 - DATE AND TIME OF LATEST TRANSACTION
control field 20211209053717.0
008 - FIXED-LENGTH DATA ELEMENTS--GENERAL INFORMATION
fixed length control field 160622s1972 ii a b 000 0 eng
035 ## - SYSTEM CONTROL NUMBER
System control number (BD-RjUL)43636
040 ## - CATALOGING SOURCE
Original cataloging agency DLC
Transcribing agency DLC
Modifying agency BD-RjUL
Language of cataloging eng
041 ## - LANGUAGE CODE
Language code of text/sound track or separate title eng
082 00 - DEWEY DECIMAL CLASSIFICATION NUMBER
Classification number 332.66
Edition number 23
Author mark and year SAR 1972
100 1# - MAIN ENTRY--PERSONAL NAME
Personal name Saksena, R. M.
Fuller form of name (Ram Mohan),
Dates associated with a name 1943-
9 (RLIN) 133687
245 10 - TITLE STATEMENT
Title Regional development banking /
Statement of responsibility, etc. R. M. Saksena.
260 ## - PUBLICATION, DISTRIBUTION, ETC. (IMPRINT)
Place of publication, distribution, etc. Bombay :
Name of publisher, distributor, etc. Somaiya Publications,
Date of publication, distribution, etc. c1972
300 ## - PHYSICAL DESCRIPTION
Pagination x, 124 p. :
Illustrations ill. ;
Size 22 cm.
504 ## - BIBLIOGRAPHY, ETC. NOTE
Bibliography, etc Includes Bibliography.
650 #0 - SUBJECT ADDED ENTRY--TOPICAL TERM
Topical term or geographic name as entry element Development banks.
9 (RLIN) 129975
942 ## - ADDED ENTRY ELEMENTS (KOHA)
Source of classification or shelving scheme Dewey Decimal Classification
Koha item type Books
Holdings
Lost status Source of classification or shelving scheme Damaged status Not for loan Collection code Permanent Location Current Location Shelving location Date acquired Source of acquisition Cost, normal purchase price Total Checkouts Full call number Date last seen Copy number Koha item type
  Dewey Decimal Classification     Non-fiction Central Library, University of Rajshahi Central Library, University of Rajshahi   15/07/1980 Karim Int. 29.00   332.66 SAR 1972 22/06/2016 C-2 Books